Alp Sankhyak : (Record no. 1430734)

MARC details
000 -LEADER
fixed length control field 00493nam a2200193Ia 4500
005 - DATE AND TIME OF LATEST TRANSACTION
control field 20250522104543.0
008 - FIXED-LENGTH DATA ELEMENTS--GENERAL INFORMATION
fixed length control field 008 250516s9999 xx 000 0 hin d
020 ## - INTERNATIONAL STANDARD BOOK NUMBER
International Standard Book Number 9789362013163
040 ## - CATALOGING SOURCE
Original cataloging agency SDCL
Language of cataloging eng
Transcribing agency SDCL
041 ## - LANGUAGE CODE
Language code of text/sound track or separate title hin
Source of code hin
084 ## - COLON CLASSIFICATION NUMBER
Classification number Y58.2'P, R5
Assigning agency SDCL
100 ## - MAIN ENTRY--PERSONAL NAME
Personal name Puniyani
9 (RLIN) 810186
245 #0 - TITLE STATEMENT
Title Alp Sankhyak :
Remainder of title Rajneeti aur samaj
260 ## - PUBLICATION, DISTRIBUTION, ETC.
Place of publication, distribution, etc. Noida:
Name of publisher, distributor, etc. Setu Prakashan,
Date of publication, distribution, etc. 2025.
300 ## - PHYSICAL DESCRIPTION
Extent xxix,525p.
365 ## - TRADE PRICE
Price type code INR
Price amount 620
650 ## - SUBJECT ADDED ENTRY--TOPICAL TERM
Topical term or geographic name entry element Hindi
942 ## - ADDED ENTRY ELEMENTS (KOHA)
Koha item type Textual

No items available.

Copyright @ Delhi University Library System